000 00572nam a2200193Ia 4500
005 20250508165112.0
008 008 250505s9999 xx 000 0 eng d
037 _aDissertations
040 _aFEDL
_beng
_cFEDL
041 _aeng
_2eng
084 _a300.7, DED/DI
_qFEDL
100 _aDedhwal Nisha
_9779891
245 0 _aInterpretation of select social science texts: Teacher and the classroom
260 _c2011
300 _a54p.
546 _aM. Ed. Dissertation, (Delhi University)
942 _cDIS
_h300.7, DED/DI
999 _c1393176
_d1393176